Reincarnation for the millinos : (Record no. 354751)
[ view plain ]
| 000 -LEADER | |
|---|---|
| fixed length control field | 00270nam a2200097Ia 4500 |
| 008 - FIXED-LENGTH DATA ELEMENTS--GENERAL INFORMATION | |
| fixed length control field | 180205s9999 xx 000 0 und d |
| 100 ## - MAIN ENTRY--PERSONAL NAME | |
| Personal name | Smith, Susy |
| 245 ## - TITLE STATEMENT | |
| Title | Reincarnation for the millinos : |
| 260 ## - PUBLICATION, DISTRIBUTION, ETC. (IMPRINT) | |
| Place of publication, distribution, etc | New York City |
| Name of publisher, distributor, etc | Dell publushing Co, |
| Date of publication, distribution, etc | 1967 |
| 300 ## - PHYSICAL DESCRIPTION | |
| Extent | 153 pages |
| Withdrawn status | Lost status | Source of classification or shelving scheme | Damaged status | Home library | Current library | Shelving location | Date acquired | Source of acquisition | Total Checkouts | Full call number | Barcode | Date last seen | Price effective from | Koha item type |
|---|---|---|---|---|---|---|---|---|---|---|---|---|---|---|
| Library of Congress Classification | Archives | Archives | 02/05/2018 | Library Fund | BR 115 Sm.642 1967 | C0716 | 05/15/2018 | 02/05/2018 | Books |